000 00616cam a2200217 4500
999 _c233339
_d233339
001 1243159
003 Nust
005 20170307101655.0
008 721207s1973 nyu 000 1 eng
010 _a 72013314
020 _a9780752858630
040 _aDLC
_cDLC
_dDLC
050 0 0 _aPZ4.L9455
_bMat
_aPS3562.U26
082 0 0 _a813.54
_bLUD
100 1 _aLudlum, Robert,
_d1927-2001.
245 1 4 _aThe Matlock paper.
260 _aNew York,
_bDial Press,
_c1973.
300 _a352 p.
_c24 cm.
350 _a$7.95
655 7 _aSpy stories.
_2gsafd
906 _a7
_bcbc
_corignew
_d1
_eocip
_f19
_gy-gencatlg
942 _2ddc
_cBK